000 01294cam a22003013a 4500
001 0000751
003 DO-SdBNP
005 20241021125818.0
007 0000751
008 861112 2002 sp a 000 0 spa d
010 _a
020 _a8420465054
040 _aBPMSU
_cspa
_dBPMSU
_d
082 4 _a833.91
_bE56m 2002
_222
100 1 _aFrabetti, Víctor
245 1 0 _aMomo :
_bel libro de la película /
_cMichael Ende ;adaptación Carlos Frabetti ; dierección técnica Benayas
250 _a3a. ed., 3a. reimpr. 2010
260 _aMadrid :
_bSantillana ediciones generales,
_c2002
_f
300 _a63 p. :
_bil. ;
_c20 cm.
490 0 _aPlaneta Junior
520 _aUn humo gris y denso ha cubierto la ciudad. Los malvados hombres grises quieren hacer prisioneros a los hombres robándoles el tiempo. ¿Podrá Momo impedirlo? ¿Qué ocurrirá con sus amigos? ¿Caerán en las redes de los hombres grises?. Una apasionante aventura contrarreloj en la que la fuerza de la amistad será la única arma para luchar contra ellos.
521 _aA partir de 12 años.
590 _aInventariado, 2024/VM
600 1 4 _aEnde, Michael
_d1929-1995
_tMomo
_vAdaptación
700 1 _aBenayas, Víctor
_edirec. técnica
910 _aVMateo V. Control de calidad. BPMSU
942 _2ddc
_cBK
999 _c14803
_d14803